000 00317pam a2200145 a 4500
020 _c
041 _h
100 _aPHILIPS
_eAuthor
245 _aENCYCLOPAEDIA 2005
_cPHILIPS
_hTextual Documents
260 _alondon
_bOctopus Pub
300 _a908
653 _aManagement
700 _eCo-Author
930 _a1300
999 _c228701
_d228701